000 00472nam a2200205Ia 4500
001 13518
003 GE_BSU
008 181216s||||||||xx |||||||||||||| ||und||
020 _a9780061894459
040 _cGE_BSU
080 _a821.111-312.4
100 _aSands,Lynsay; Palmer,Pamela; Rush,Jaime.
245 _aBitten by Cupid.
260 _aNew York.
260 _bAvon Books.
260 _c2010
300 _a369p;18cm.
653 _aBitten by Cupid.
942 _cBK
999 _c46677
_d46677